| 000 | 00528nam a2200169 a 4500 | ||
|---|---|---|---|
| 005 | 20210219145957.0 | ||
| 008 | 991125s1944 mx 000 0 spa u | ||
| 035 | _aUPN01000004910 | ||
| 049 | _aF | ||
| 050 | 4 |
_aG8480 _bS7.38 |
|
| 100 | 1 | _aStembridge, Jasper H. | |
| 245 | 1 | 0 |
_aAtlas del imperio británico : _b20 mapas con texto explicativo / _cJasper H. Stembridge ; tr. O. Durán d'Ocón. |
| 260 |
_aMéxico : _bMinerva, _c1944. |
||
| 300 |
_a[21] h. : _bmapas |
||
| 651 | 4 |
_aGRAN BRETAÑA - _xCOLONIAS - _vMAPAS |
|
| 905 | _aLibro | ||
| 999 |
_c4910 _d4910 |
||